[Event "GER-chT Universities"]
[Site "Augsburg"]
[Date "2010.10.08"]
[Round "4.3"]
[White "Panocki, Adrian"]
[Black "Nuber, Korbinian"]
[Result "1/2-1/2"]
[WhiteElo "2354"]
[BlackElo "2192"]
[PlyCount "68"]
[EventDate "2010.10.06"]
[EventType "team-swiss"]
[EventRounds "6"]
[EventCountry "GER"]
[SourceTitle "EXT 2016"]
[Source "ChessBase"]
[SourceDate "2015.10.08"]
[SourceVersion "1"]
[SourceVersionDate "2015.10.08"]
[SourceQuality "1"]
[WhiteTeam "Poznan FH"]
[BlackTeam "Augsburg Uni"]
[WhiteTeamCountry "POL"]
[BlackTeamCountry "GER"]

1. Nf3 g6 2. c4 Bg7 3. Nc3 d6 4. g3 e5 5. Bg2 Nc6 6. 0-0 Nf6 7. d3 0-0 8. Rb1 a5 9. a3 h6 10. b4 axb4 11. axb4 Be6 12. b5 Ne7 13. Bb2 Qd7 14. Re1 Nh7 15. c5 d5 16. e3 Ng5 17. Nxg5 hxg5 18. Ra1 d4 19. exd4 exd4 20. c6 bxc6 21. bxc6 Nxc6 22. Rxa8 Rxa8 23. Ne4 Bd5 24. Nxg5 Bxg2 25. Kxg2 Qd5+ 26. Qf3 Qxf3+ 27. Nxf3 Nb4 28. Bxd4 Bxd4 29. Nxd4 c5 30. Nb3 Nxd3 31. Re3 c4 32. Nd2 Ra2 33. Nxc4 Nxf2 34. Ra3 Rxa3 1/2-1/2

[Event "GER-chT Universities"]
[Site "Augsburg"]
[Date "2010.10.07"]
[Round "2.3"]
[White "Panocki, Adrian"]
[Black "Monninger, Moritz Franz"]
[Result "1-0"]
[WhiteElo "2354"]
[BlackElo "2036"]
[PlyCount "73"]
[EventDate "2010.10.06"]
[EventType "team-swiss"]
[EventRounds "6"]
[EventCountry "GER"]
[SourceTitle "EXT 2016"]
[Source "ChessBase"]
[SourceDate "2015.10.08"]
[SourceVersion "1"]
[SourceVersionDate "2015.10.08"]
[SourceQuality "1"]
[WhiteTeam "Poznan FH"]
[BlackTeam "Muenchen LMU"]
[WhiteTeamCountry "POL"]
[BlackTeamCountry "GER"]

1. Nf3 d5 2. g3 c6 3. Bg2 Nf6 4. 0-0 Bf5 5. d3 e6 6. Nbd2 Be7 7. b3 0-0 8. Bb2 Nbd7 9. Nh4 Ne8 10. Nxf5 exf5 11. e4 fxe4 12. dxe4 dxe4 13. Nxe4 Nef6 14. Nd6 Bxd6 15. Qxd6 Re8 16. Rad1 Qa5 17. a4 Re2 18. Qd3 Rae8 19. Bh3 R2e7 20. Ba3 c5 21. Bg2 Ne5 22. Qf5 Qc3 23. Bc1 h6 24. Bxh6 gxh6 25. Qxf6 Qxc2 26. Qxh6 Qxb3 27. Be4 Re6 28. Qh7+ Kf8 29. Bd5 Qb6 30. Bxe6 Rxe6 31. Rd5 Nf3+ 32. Kg2 Rh6 33. Qf5 Nxh2 34. Qc8+ Kg7 35. Rg5+ Kf6 36. Qf5+ Ke7 37. Re1+ 1-0

[Event "Krakow op 20th"]
[Site "Krakow"]
[Date "2010.01.02"]
[Round "6"]
[White "Swiech, Przemyslaw"]
[Black "Panocki, Adrian"]
[Result "0-1"]
[WhiteElo "2116"]
[BlackElo "2369"]
[PlyCount "78"]
[EventDate "2009.12.27"]
[EventType "swiss"]
[EventRounds "9"]
[EventCountry "POL"]
[SourceTitle "CBM 134 Extra"]
[Source "ChessBase"]
[SourceDate "2010.03.03"]
[SourceVersion "1"]
[SourceVersionDate "2010.03.03"]
[SourceQuality "1"]

1. d4 Nf6 2. c4 e6 3. Nc3 d5 4. Nf3 c5 5. e3 Nc6 6. Bd3 dxc4 7. Bxc4 a6 8. 0-0 b5 9. Bd3 Bb7 10. a3 cxd4 11. exd4 Be7 12. Be3 0-0 13. Ne5 Nxe5 14. dxe5 Nd5 15. Qc2 h6 16. Rad1 Nxe3 17. fxe3 Qb6 18. Kh1 Rad8 19. Qf2 Bg5 20. Rfe1 b4 21. axb4 Qxb4 22. Bb1 Bh4 23. Qc2 g6 24. Rf1 Bg5 25. Rxd8 Rxd8 26. Qf2 Rd7 27. Ne2 Bh4 28. Ng3 Qd2 29. Kg1 Qxf2+ 30. Rxf2 Bxg3 31. hxg3 Rd5 32. e4 Rxe5 33. Rd2 Bxe4 34. Re2 f5 35. g4 Kf7 36. gxf5 gxf5 37. Bd3 a5 38. Kf2 Kf6 39. Ba6 Rc5 0-1

[Event "Krakow op 20th"]
[Site "Krakow"]
[Date "2009.12.29"]
[Round "3"]
[White "Panocki, Adrian"]
[Black "Sharapov, Evgeny"]
[Result "0-1"]
[WhiteElo "2369"]
[BlackElo "2509"]
[PlyCount "68"]
[EventDate "2009.12.27"]
[EventType "swiss"]
[EventRounds "9"]
[EventCountry "POL"]
[SourceTitle "CBM 134 Extra"]
[Source "ChessBase"]
[SourceDate "2010.03.03"]
[SourceVersion "1"]
[SourceVersionDate "2010.03.03"]
[SourceQuality "1"]

1. e4 c5 2. Nf3 d6 3. Bb5+ Bd7 4. Bxd7+ Qxd7 5. 0-0 Nc6 6. c3 Nf6 7. Re1 e6 8. d4 cxd4 9. cxd4 d5 10. e5 Ne4 11. Nbd2 Nxd2 12. Bxd2 Be7 13. Bg5 Bxg5 14. Nxg5 h6 15. Nf3 0-0 16. Rc1 Rfc8 17. Re3 Ne7 18. Rec3 Rxc3 19. Rxc3 Rc8 20. Qc2 Rxc3 21. Qxc3 Qa4 22. h3 Qxa2 23. Qc7 Qb1+ 24. Kh2 Nf5 25. Qb8+ Kh7 26. Qxb7 Qf1 27. Qxa7 Qxf2 28. Qa1 Nxd4 29. Nxd4 Qxd4 30. Qb1+ g6 31. b4 Qxe5+ 32. Kh1 d4 33. b5 Qe2 34. b6 d3 0-1

[Event "Krakow op 20th"]
[Site "Krakow"]
[Date "2009.12.28"]
[Round "2"]
[White "Gosciniak, Maria"]
[Black "Panocki, Adrian"]
[Result "0-1"]
[WhiteElo "2165"]
[BlackElo "2369"]
[PlyCount "127"]
[EventDate "2009.12.27"]
[EventType "swiss"]
[EventRounds "9"]
[EventCountry "POL"]
[SourceTitle "CBM 134 Extra"]
[Source "ChessBase"]
[SourceDate "2010.03.03"]
[SourceVersion "1"]
[SourceVersionDate "2010.03.03"]
[SourceQuality "1"]

1. g3 Nf6 2. Bg2 g6 3. c4 Bg7 4. Nc3 0-0 5. e3 c6 6. Nge2 d5 7. b3 e5 8. 0-0 d4 9. exd4 exd4 10. Na4 d3 11. Nec3 Na6 12. Ba3 Re8 13. b4 Nc7 14. Nc5 Ne6 15. Rc1 Nxc5 16. bxc5 Be6 17. Qb3 Rb8 18. Rfe1 Bh6 19. Nb1 Bf5 20. Bb2 Bg7 21. Be5 Qe7 22. Re3 Rbd8 23. Qb2 Be6 24. Bf1 Nh5 25. Bxg7 Nxg7 26. Bxd3 Qxc5 27. Bf1 Nf5 28. Re4 b6 29. d3 Nd4 30. Nd2 Bf5 31. Ree1 Qd6 32. Qb1 c5 33. Rcd1 Nc6 34. Ne4 Bxe4 35. dxe4 Nd4 36. Bg2 Qc6 37. Qd3 Qa4 38. a3 Ne6 39. Qf3 Qxc4 40. Qf6 Qa4 41. Rd5 Qc6 42. Red1 Qc7 43. h4 Nd4 44. h5 Rxd5 45. exd5 Qe5 46. Qxe5 Rxe5 47. h6 Kf8 48. f4 Re3 49. d6 Ke8 50. Kf2 Re2+ 51. Kf1 Re6 52. d7+ Kxd7 53. Bh3 f5 54. g4 Re4 55. gxf5 Rxf4+ 56. Kg2 g5 57. f6+ Kd6 58. Rf1 c4 59. a4 c3 60. Rc1 g4 61. Rxc3 gxh3+ 62. Rxh3 Rxf6 63. Rh4 Nf5 64. Rh5 0-1

[Event "Pardubice Synthesia rap op 20th"]
[Site "Pardubice"]
[Date "2009.07.23"]
[Round "4"]
[White "Maximov, Dmitry"]
[Black "Panocki, Adrian"]
[Result "1/2-1/2"]
[WhiteElo "2485"]
[BlackElo "2369"]
[PlyCount "87"]
[EventDate "2009.07.22"]
[EventType "swiss (rapid)"]
[EventRounds "9"]
[EventCountry "CZE"]
[SourceTitle "CBM 131 Extra"]
[Source "ChessBase"]
[SourceDate "2009.09.03"]
[SourceVersion "2"]
[SourceVersionDate "2009.09.16"]
[SourceQuality "1"]

1. e4 d6 2. d4 Nf6 3. Nc3 g6 4. Nf3 Bg7 5. h3 0-0 6. Be3 c6 7. Qd2 d5 8. e5 Ne4 9. Nxe4 dxe4 10. Ng5 c5 11. c3 Qd5 12. b3 cxd4 13. cxd4 h6 14. Bc4 Qc6 15. Nxf7 Rxf7 16. Bxf7+ Kxf7 17. Rc1 Qd7 18. 0-0 Nc6 19. Rfd1 Kg8 20. Bxh6 Qf5 21. Bxg7 Kxg7 22. b4 a6 23. a4 Be6 24. Rc5 Rd8 25. Qc3 Bd5 26. b5 axb5 27. axb5 Nb8 28. Qe3 Qe6 29. Rdc1 Nd7 30. Rc7 Nb6 31. h4 Rh8 32. Qg5 Kf7 33. Qf4+ Qf5 34. Qg3 Rc8 35. Rxc8 Nxc8 36. Rc7 Nb6 37. Qa3 Qe6 38. Qe3 Qf5 39. Qa3 Qe6 40. Qe3 Qf5 41. Qh6 Qh5 42. Qf4+ Qf5 43. Qh6 Qh5 44. Qf4+ 1/2-1/2

[Event "Wroclaw Polonia op 4th"]
[Site "Wroclaw"]
[Date "2009.06.24"]
[Round "7"]
[White "Panocki, Adrian"]
[Black "Rajlich, Iweta"]
[Result "0-1"]
[WhiteElo "2370"]
[BlackElo "2424"]
[PlyCount "69"]
[EventDate "2009.06.20"]
[EventType "swiss"]
[EventRounds "9"]
[EventCountry "POL"]
[SourceTitle "CBM 130 Extra"]
[Source "ChessBase"]
[SourceDate "2009.07.02"]
[SourceVersion "2"]
[SourceVersionDate "2009.07.15"]
[SourceQuality "1"]

1. e4 e6 2. d4 d5 3. Nc3 Bb4 4. Nge2 dxe4 5. a3 Bxc3+ 6. Nxc3 Nf6 7. Bg5 h6 8. Bxf6 Qxf6 9. Nxe4 Qg6 10. Ng3 Nc6 11. Bb5 Bd7 12. Qd2 0-0-0 13. 0-0-0 Qg5 14. Bc4 Qxd2+ 15. Rxd2 Ne7 16. Nf1 h5 17. Ne3 h4 18. f4 Bc6 19. Rf1 Be4 20. c3 Nd5 21. Ng4 Bf5 22. Bxd5 exd5 23. Ne5 Rdf8 24. Re1 f6 25. Nf3 h3 26. g3 Bg4 27. Rd3 Kd7 28. Rde3 Rf7 29. Rf1 Re7 30. Rxe7+ Kxe7 31. Kd2 Kf7 32. Ne1 Re8 33. Rf2 b6 34. Nc2 Bf5 35. Nb4 0-1

[Event "Wroclaw Polonia op 4th"]
[Site "Wroclaw"]
[Date "2009.06.24"]
[Round "6"]
[White "Tomczak, Jacek"]
[Black "Panocki, Adrian"]
[Result "1-0"]
[WhiteElo "2447"]
[BlackElo "2370"]
[PlyCount "97"]
[EventDate "2009.06.20"]
[EventType "swiss"]
[EventRounds "9"]
[EventCountry "POL"]
[SourceTitle "CBM 130 Extra"]
[Source "ChessBase"]
[SourceDate "2009.07.02"]
[SourceVersion "2"]
[SourceVersionDate "2009.07.15"]
[SourceQuality "1"]

1. e4 e5 2. Nf3 Nc6 3. d4 exd4 4. Nxd4 Qf6 5. Be3 Bc5 6. c3 Nge7 7. Bc4 0-0 8. 0-0 b6 9. Nc2 Bb7 10. Bxc5 bxc5 11. Nd2 Ne5 12. Be2 N7g6 13. g3 d6 14. Ne3 Nd7 15. f4 Bc6 16. Bf3 Rab8 17. Qc2 Rfe8 18. Rae1 Qd8 19. h4 h6 20. b3 a5 21. a4 Qc8 22. Qd3 Qb7 23. Nd5 Nb6 24. c4 Bxd5 25. cxd5 Nd7 26. Qc2 Qb4 27. Be2 Qd4+ 28. Kg2 Nf6 29. Bb5 Re7 30. Nf3 Qb4 31. Nd2 Qd4 32. Qd3 Qxd3 33. Bxd3 Rb4 34. Bc4 Nd7 35. Rf3 f6 36. h5 Nh8 37. Rfe3 Nf7 38. Bb5 Nb6 39. Nf3 Nd8 40. Nh4 c6 41. dxc6 Rc7 42. Rd3 Nc8 43. e5 fxe5 44. fxe5 Rd4 45. Rxd4 cxd4 46. Nf5 Nf7 47. e6 Ne5 48. Nxd6 Nxc6 49. Nxc8 1-0

[Event "Krakow op-A 19th"]
[Site "Krakow"]
[Date "2008.12.31"]
[Round "6"]
[White "Sharapov, Evgeny"]
[Black "Panocki, Adrian"]
[Result "1-0"]
[WhiteElo "2427"]
[BlackElo "2381"]
[PlyCount "67"]
[EventDate "2008.12.26"]
[EventType "swiss"]
[EventRounds "9"]
[EventCountry "POL"]
[SourceTitle "CBM 128 Extra"]
[Source "ChessBase"]
[SourceDate "2009.03.05"]
[SourceVersion "2"]
[SourceVersionDate "2009.03.25"]
[SourceQuality "1"]

1. e4 c5 2. Nf3 d6 3. d4 cxd4 4. Nxd4 Nf6 5. Nc3 a6 6. g3 Nc6 7. Bg2 Bd7 8. 0-0 e6 9. a4 Be7 10. Nb3 0-0 11. a5 b5 12. axb6 Qxb6 13. Be3 Qc7 14. f4 h6 15. Kh1 Rfb8 16. Qe2 Nb4 17. Nd4 Nc6 18. e5 Ne8 19. Rxa6 Rxa6 20. Qxa6 Nb4 21. exd6 Nxd6 22. Qe2 Nc4 23. Bc1 Bf6 24. Rd1 Be8 25. Ne4 Be7 26. f5 e5 27. f6 exd4 28. fxe7 Ne3 29. Bxe3 dxe3 30. c3 Nc6 31. Qxe3 Rxb2 32. Nd6 Rb8 33. Nxe8 Rxe8 34. Qc5 1-0

[Event "Krakow op-A 19th"]
[Site "Krakow"]
[Date "2008.12.30"]
[Round "5"]
[White "Panocki, Adrian"]
[Black "Krzyzanowski, Marcin"]
[Result "1-0"]
[WhiteElo "2381"]
[BlackElo "2280"]
[PlyCount "85"]
[EventDate "2008.12.26"]
[EventType "swiss"]
[EventRounds "9"]
[EventCountry "POL"]
[SourceTitle "CBM 128 Extra"]
[Source "ChessBase"]
[SourceDate "2009.03.05"]
[SourceVersion "2"]
[SourceVersionDate "2009.03.25"]
[SourceQuality "1"]

1. e4 c5 2. Nf3 d6 3. d4 cxd4 4. Nxd4 Nf6 5. Nc3 a6 6. Bc4 e6 7. Bb3 b5 8. 0-0 Be7 9. Qf3 Qb6 10. Bg5 b4 11. Nce2 Nbd7 12. Rad1 Nc5 13. Ng3 Bb7 14. Rfe1 Rc8 15. Nh5 Nxh5 16. Bxe7 Kxe7 17. Qxh5 Nxb3 18. axb3 Kf8 19. Re3 Kg8 20. Qh4 h6 21. Rg3 Qd8 22. Qf4 Qe7 23. e5 dxe5 24. Qxe5 g5 25. Nf5 Qf8 26. Nd6 Rd8 27. Rxg5+ hxg5 28. Qxg5+ Qg7 29. Qxd8+ Kh7 30. Qh4+ Kg8 31. Qg3 Qxg3 32. hxg3 Bd5 33. Ra1 Rh5 34. Rxa6 Re5 35. Kf1 Rh5 36. Nc4 Rh1+ 37. Ke2 Bxg2 38. Rb6 Be4 39. Ne3 Rb1 40. Rxb4 Bg6 41. Kd2 Rxb2 42. Kc1 Ra2 43. Ra4 1-0

[Event "Krakow op-A 19th"]
[Site "Krakow"]
[Date "2008.12.28"]
[Round "2"]
[White "Marzano, Carlo"]
[Black "Panocki, Adrian"]
[Result "0-1"]
[WhiteElo "2188"]
[BlackElo "2381"]
[PlyCount "50"]
[EventDate "2008.12.26"]
[EventType "swiss"]
[EventRounds "9"]
[EventCountry "POL"]
[SourceTitle "CBM 128 Extra"]
[Source "ChessBase"]
[SourceDate "2009.03.05"]
[SourceVersion "2"]
[SourceVersionDate "2009.03.25"]
[SourceQuality "1"]

1. Nc3 c5 2. Nf3 Nf6 3. e3 d5 4. Bb5+ Bd7 5. Bxd7+ Qxd7 6. d3 Nc6 7. 0-0 g6 8. e4 Bg7 9. Bg5 e6 10. Qc1 h6 11. Bxf6 Bxf6 12. exd5 exd5 13. Qe3+ Be7 14. Ne5 d4 15. Qe4 Nxe5 16. Qxe5 f6 17. Qg3 dxc3 18. Qxg6+ Kd8 19. Rfe1 cxb2 20. Rab1 Kc7 21. Rxb2 Rae8 22. Qf7 b6 23. Qc4 Bd6 24. Rf1 Rhg8 25. Qa6 Rxg2+ 0-1

[Event "EU-ch U18 18th"]
[Site "Herceg Novi"]
[Date "2008.09.17"]
[Round "3"]
[White "Panocki, Adrian"]
[Black "Chirila, Ioan Cristian"]
[Result "1-0"]
[WhiteElo "2338"]
[BlackElo "2425"]
[PlyCount "89"]
[EventDate "2008.09.15"]
[EventType "swiss"]
[EventRounds "9"]
[EventCountry "MNE"]
[SourceTitle "CBM 126 Extra"]
[Source "ChessBase"]
[SourceDate "2008.11.05"]
[SourceVersion "1"]
[SourceVersionDate "2008.11.05"]
[SourceQuality "1"]

1. e4 e5 2. Nf3 Nc6 3. Bb5 a6 4. Ba4 Nf6 5. 0-0 Be7 6. Re1 b5 7. Bb3 d6 8. a4 Rb8 9. axb5 axb5 10. d3 0-0 11. Nbd2 Nb4 12. Nf1 c5 13. c3 Nc6 14. Ng3 Qc7 15. h3 b4 16. Be3 Bd7 17. d4 Na5 18. Ba4 Nc4 19. Qe2 Nxe3 20. Qxe3 g6 21. Bxd7 Nxd7 22. dxe5 dxe5 23. c4 Rbd8 24. Qe2 f5 25. exf5 gxf5 26. Nxe5 Nxe5 27. Qxe5 Qxe5 28. Rxe5 Bf6 29. Rxc5 f4 30. Ne4 Bxb2 31. Rb1 Ba3 32. Rd5 Rxd5 33. cxd5 Kf7 34. Rb3 Ke7 35. Kf1 Rc8 36. Ke2 Rc4 37. Kd3 Rc1 38. Kd4 Rc2 39. Ke5 Rb2 40. d6+ Kd8 41. Rxb2 Bxb2+ 42. Kd5 Bc3 43. Nc5 f3 44. gxf3 Be1 45. Kc6 1-0

[Event "Polanica Zdroj op-A 44th"]
[Site "Polanica Zdroj"]
[Date "2008.08.28"]
[Round "10"]
[White "Czarnota, Dorota"]
[Black "Panocki, Adrian"]
[Result "0-1"]
[WhiteElo "2229"]
[BlackElo "2338"]
[PlyCount "134"]
[EventDate "2008.08.19"]
[EventType "swiss"]
[EventRounds "10"]
[EventCountry "POL"]
[SourceTitle "CBM 126 Extra"]
[Source "ChessBase"]
[SourceDate "2008.11.05"]
[SourceVersion "1"]
[SourceVersionDate "2008.11.05"]
[SourceQuality "1"]

1. e4 c5 2. Nf3 d6 3. Bb5+ Bd7 4. Bxd7+ Qxd7 5. c4 Nf6 6. Nc3 g6 7. d4 cxd4 8. Nxd4 Bg7 9. f3 0-0 10. Be3 Rc8 11. b3 a6 12. a4 Nc6 13. Nde2 Qd8 14. 0-0 Qa5 15. Qd2 Qb4 16. Rab1 e6 17. Rfd1 Ne8 18. Kh1 Rd8 19. Qc1 Rac8 20. Na2 Qa5 21. b4 Qc7 22. a5 Qe7 23. Bb6 Rd7 24. Nac3 Ne5 25. c5 dxc5 26. Bxc5 Rxd1+ 27. Qxd1 Qh4 28. Kg1 Rd8 29. Qe1 Qxe1+ 30. Rxe1 Rd2 31. Rb1 Nc6 32. Kf1 Rc2 33. Nd1 Bf8 34. Ne3 Ra2 35. Nc1 Bxc5 36. Nxa2 Bxe3 37. Ke2 Bf4 38. g3 Bd6 39. Kd3 Nc7 40. Ke3 Nb5 41. Kd3 Kf8 42. f4 Ke8 43. e5 Be7 44. Rb2 Kd7 45. Kc4 Kc7 46. Rd2 Kc8 47. Rd3 Nc7 48. g4 Nd5 49. Rh3 Nxf4 50. Rxh7 Nxe5+ 51. Kd4 Bd6 52. h4 f5 53. g5 Nf3+ 54. Kc4 e5 55. h5 Nd2+ 56. Kc3 Ne4+ 57. Kc4 Nxh5 58. b5 axb5+ 59. Kxb5 Nxg5 60. Rh8+ Kc7 61. Nc3 Nf4 62. Na4 Nd5 63. Rg8 Ne7 64. Rh8 e4 65. Nb6 e3 66. Na8+ Kd7 67. Kb6 e2 0-1

[Event "Polanica Zdroj op-A 44th"]
[Site "Polanica Zdroj"]
[Date "2008.08.23"]
[Round "5"]
[White "Panocki, Adrian"]
[Black "Fistek, Dariusz"]
[Result "0-1"]
[WhiteElo "2338"]
[BlackElo "2208"]
[PlyCount "72"]
[EventDate "2008.08.19"]
[EventType "swiss"]
[EventRounds "10"]
[EventCountry "POL"]
[SourceTitle "CBM 126 Extra"]
[Source "ChessBase"]
[SourceDate "2008.11.05"]
[SourceVersion "1"]
[SourceVersionDate "2008.11.05"]
[SourceQuality "1"]

1. e4 c5 2. Nf3 d6 3. d4 cxd4 4. Nxd4 Nf6 5. Nc3 Nc6 6. Bg5 e6 7. Qd2 a6 8. 0-0-0 Bd7 9. f4 b5 10. Bxf6 gxf6 11. Nxc6 Bxc6 12. Qe3 Qe7 13. Bd3 Qa7 14. Qe1 Be7 15. Kb1 b4 16. Ne2 Qc5 17. f5 a5 18. Qg3 a4 19. Qg7 Rf8 20. fxe6 fxe6 21. e5 fxe5 22. Bxh7 a3 23. Rhf1 Kd7 24. Nc1 Rxf1 25. Rxf1 Qd4 26. Nd3 Bb5 27. Rf7 Re8 28. bxa3 bxa3 29. Kc1 Qe3+ 30. Kd1 e4 31. Qc3 exd3 32. Bxd3 Bxd3 33. cxd3 Qg1+ 34. Kc2 Qxg2+ 35. Kb3 Rb8+ 36. Kxa3 Qa8+ 0-1

[Event "Polanica Zdroj op-A 44th"]
[Site "Polanica Zdroj"]
[Date "2008.08.21"]
[Round "3"]
[White "Panocki, Adrian"]
[Black "Rudnicki, Milosz"]
[Result "0-1"]
[WhiteElo "2338"]
[BlackElo "2197"]
[PlyCount "74"]
[EventDate "2008.08.19"]
[EventType "swiss"]
[EventRounds "10"]
[EventCountry "POL"]
[SourceTitle "CBM 126 Extra"]
[Source "ChessBase"]
[SourceDate "2008.11.05"]
[SourceVersion "1"]
[SourceVersionDate "2008.11.05"]
[SourceQuality "1"]

1. Nf3 d5 2. g3 Nf6 3. Bg2 e6 4. d4 c5 5. c4 Nc6 6. cxd5 Nxd5 7. 0-0 cxd4 8. Nxd4 Bc5 9. Nxc6 bxc6 10. Qc2 Qb6 11. Nc3 Nxc3 12. Qxc3 0-0 13. Bf4 Bb7 14. Rac1 Bd4 15. Qc2 Rfd8 16. b3 Rac8 17. Bg5 Rd7 18. e3 Be5 19. Rfd1 Rxd1+ 20. Qxd1 Qc7 21. Rc4 h6 22. Bf4 Rd8 23. Qh5 Bxf4 24. Rxf4 Rd2 25. Ra4 g6 26. Qxh6 Rd1+ 27. Bf1 Qe5 28. Qf4 Qxf4 29. gxf4 c5 30. f3 Bxf3 31. Kf2 Bd5 32. Rxa7 Rd2+ 33. Kg3 Rd1 34. Kf2 Rd2+ 35. Kg3 Rd1 36. Bc4 Be4 37. a4 Rd2 0-1

[Event "Warsaw Najdorf Memorial op-A"]
[Site "Warsaw"]
[Date "2008.08.06"]
[Round "5"]
[White "Panocki, Adrian"]
[Black "Dragun, Kamil"]
[Result "1-0"]
[WhiteElo "2338"]
[BlackElo "2240"]
[PlyCount "93"]
[EventDate "2008.08.02"]
[EventType "swiss"]
[EventRounds "9"]
[EventCountry "POL"]
[SourceTitle "CBM 125 Extra"]
[Source "ChessBase"]
[SourceDate "2008.09.01"]
[SourceVersion "1"]
[SourceVersionDate "2008.09.01"]
[SourceQuality "1"]

1. e4 c5 2. Nf3 d6 3. d4 cxd4 4. Nxd4 Nf6 5. Nc3 Nc6 6. Bg5 e6 7. Qd2 a6 8. 0-0-0 Bd7 9. f3 h6 10. Be3 Be7 11. g4 b5 12. Nxc6 Bxc6 13. Kb1 Rc8 14. Bd3 d5 15. e5 d4 16. exf6 Bxf6 17. Ne4 Bxe4 18. Bxe4 dxe3 19. Qxe3 Qe7 20. h4 Qb4 21. Qc1 Ke7 22. g5 hxg5 23. hxg5 Be5 24. a3 Qc5 25. g6 Rxh1 26. Rxh1 f5 27. Bd3 a5 28. Re1 f4 29. Re4 Rc6 30. Qe1 Bc7 31. Qh4+ Kd7 32. Qh8 Be5 33. Qa8 b4 34. axb4 axb4 35. Qb7+ Rc7 36. Qxb4 Qxb4 37. Rxb4 Bd6 38. Rd4 e5 39. Ra4 Bc5 40. c3 Kd6 41. Ra6+ Ke7 42. Bf5 Bd6 43. Kc2 Rb7 44. b4 Rb8 45. Be4 Rc8 46. Kb3 Rb8 47. Ra7+ 1-0

[Event "Pardubice Chladek&Tintera op-A 19th"]
[Site "Pardubice"]
[Date "2008.07.23"]
[Round "6"]
[White "Dobrowolski, Piotr"]
[Black "Panocki, Adrian"]
[Result "1-0"]
[WhiteElo "2426"]
[BlackElo "2338"]
[PlyCount "53"]
[EventDate "2008.07.18"]
[EventType "swiss"]
[EventRounds "9"]
[EventCountry "CZE"]
[SourceTitle "CBM 125 Extra"]
[Source "ChessBase"]
[SourceDate "2008.09.01"]
[SourceVersion "1"]
[SourceVersionDate "2008.09.01"]
[SourceQuality "1"]

1. e4 c5 2. Nf3 d6 3. d4 cxd4 4. Nxd4 Nf6 5. Nc3 a6 6. Bg5 e6 7. f4 Qb6 8. Qd2 Nc6 9. Bxf6 gxf6 10. Nb3 Bd7 11. 0-0-0 0-0-0 12. Be2 h5 13. Rhf1 Kb8 14. Kb1 Be7 15. Rf3 h4 16. Qe1 Rdg8 17. Bf1 Na5 18. Nd5 exd5 19. Nxa5 Bd8 20. Rxd5 Qg1 21. Nxb7 Bc6 22. Nxd6 Bxd5 23. exd5 Bb6 24. Qe7 Bc7 25. Rb3+ Ka8 26. Qe2 Qa7 27. Qc4 1-0

[Event "POL-chT U19 39th"]
[Site "Gorzow Wielkopolski"]
[Date "2008.07.06"]
[Round "2.26"]
[White "Klim, Kamil"]
[Black "Panocki, Adrian"]
[Result "0-1"]
[WhiteElo "2181"]
[BlackElo "2338"]
[PlyCount "150"]
[EventDate "2008.07.05"]
[EventType "team-tourn"]
[EventRounds "9"]
[EventCountry "POL"]
[SourceTitle "EXT 2019"]
[Source "ChessBase"]
[SourceDate "2018.10.10"]
[SourceVersion "1"]
[SourceVersionDate "2018.10.10"]
[SourceQuality "1"]
[WhiteTeam "Gorzow Wielkopolski Stilon U19"]
[BlackTeam "Koszalin Hetman Politechnika U19"]
[WhiteTeamCountry "POL"]
[BlackTeamCountry "POL"]

1. d4 Nf6 2. Nf3 g6 3. c4 Bg7 4. Nc3 d5 5. Bg5 Ne4 6. cxd5 Nxg5 7. Nxg5 e6 8. Nf3 exd5 9. e3 0-0 10. Bd3 c5 11. dxc5 Nd7 12. 0-0 Nxc5 13. Nd4 Ne6 14. Bc2 Nxd4 15. exd4 Be6 16. Bb3 Qh4 17. Bxd5 Bxd5 18. Nxd5 Qxd4 19. Qxd4 Bxd4 20. Rfd1 Be5 21. Rd2 Rfd8 22. Rad1 Kf8 23. g3 Rac8 24. b3 Rc6 25. Ne3 Rxd2 26. Rxd2 Ke8 27. Nc4 Bc7 28. a4 h5 29. Kg2 a6 30. Rd3 Ke7 31. h4 Re6 32. Ne3 Rd6 33. Rc3 Ba5 34. Rc5 Bb6 35. Rc3 Rd2 36. Kf3 Ke6 37. Rc4 Rd4 38. Rc2 Rd3 39. b4 Rb3 40. Rc4 f5 41. Kf4 Ba7 42. Kf3 Kd7 43. a5 Ke6 44. Ke2 Rb2+ 45. Nc2 Kd7 46. f3 Bb8 47. Kf2 Bd6 48. f4 Bxb4 49. Rxb4 Rxc2+ 50. Ke3 Kc7 51. Kd4 Ra2 52. Rc4+ Kd6 53. Rb4 Kc7 54. Ke5 Rxa5+ 55. Kf6 Ra3 56. Kxg6 Rxg3+ 57. Kxf5 Rg4 58. Rb1 Rxh4 59. Ke5 Rh2 60. f5 b5 61. Rc1+ Kb6 62. Rf1 Re2+ 63. Kd6 b4 64. f6 Re8 65. f7 Rf8 66. Ke7 Rxf7+ 67. Kxf7 Kc5 68. Ke6 b3 69. Ke5 a5 70. Ke4 a4 71. Rc1+ Kb4 72. Kd4 b2 73. Rc8 Kb3 74. Rc3+ Ka2 75. Rc4 b1Q 0-1

[Event "Zlota Wieze 50"]
[Site "Pultusk"]
[Date "2008.07.05"]
[Round "9.1"]
[White "Panocki, Adrian"]
[Black "Zarebski, Cezary"]
[Result "1-0"]
[WhiteElo "2270"]
[BlackElo "2036"]
[PlyCount "119"]
[EventDate "2008.06.30"]
[EventType "team"]
[EventRounds "9"]
[EventCountry "POL"]
[SourceTitle "EXT 2020"]
[Source "ChessBase"]
[SourceDate "2019.10.17"]
[SourceVersion "1"]
[SourceVersionDate "2019.10.17"]
[SourceQuality "1"]

1. e4 e5 2. Nf3 Nc6 3. Bb5 a6 4. Ba4 Nf6 5. 0-0 Nxe4 6. d4 b5 7. Bb3 d5 8. dxe5 Be6 9. Be3 Bc5 10. Qe2 Bxe3 11. Qxe3 Ne7 12. c3 0-0 13. Bc2 Nf5 14. Qe2 Nc5 15. Nbd2 Nd7 16. a4 c6 17. Bxf5 Bxf5 18. Nd4 Be6 19. Nxc6 Qc7 20. axb5 axb5 21. Qxb5 Nxe5 22. Nxe5 Qxe5 23. Rxa8 Rxa8 24. Nf3 Qc7 25. Nd4 Qd7 26. Qxd7 Bxd7 27. f4 Rb8 28. Rf2 Kf8 29. Re2 f6 30. Kf2 Kf7 31. h3 Rb6 32. Ke1 Bc8 33. b4 Ra6 34. Nb5 Ra1+ 35. Kf2 Ba6 36. Nd6+ Kg6 37. b5 Bxb5 38. Nxb5 Ra5 39. Nd6 Rc5 40. Re3 h6 41. f5+ Kh5 42. g4+ Kh4 43. Ne8 h5 44. gxh5 d4 45. cxd4 Rxf5+ 46. Rf3 Rxh5 47. Nxg7 Rd5 48. Ke3 Kg5 49. Ne6+ Kh4 50. Rxf6 Ra5 51. Rh6+ Kg3 52. Ke4 Ra1 53. d5 Re1+ 54. Kf5 Rd1 55. Ke5 Rd2 56. d6 Rd1 57. Nd4 Re1+ 58. Kd5 Re8 59. d7 Rg8 60. Ne6 1-0